000 00565nam a22002057a 4500
003 BUBTL
008 221204b ||||| |||| 00| 0 eng d
020 _a9788184000580
082 _a823/ D4511f/ 2008
100 _94972
_aDesai, Anita
245 _aFasting, Feasting :
_bAnita Desai
250 _a1st Edn.
260 _aIndia
_bRandom House India
_cc2008
300 _a[xi],231p. :
_b20 cm
650 0 _91994
_aEnglish Literature
700 _94972
_aDesai, Anita
856 _k0
_l0
_yDownload
942 _2ddc
_cBK
999 _c6855
_d6855